zpět

Detail výsledku týmu

The Pub Praha 2 ST, Praha

Datum a čas kvízu

36.5 Celkem bodů Celkový počet nahraných bodů na tomto kvízu bez doplňovacích otázek.
4. Pořadí na kvízu Konečné umístění týmu na tomto kvízu.

Zaznamenané odpovědi

# Otázka Odpověď Body Výsledky
1. Která česká politická strana p... ODS 1
2. Několika desítkám jedinců jist... o lachtanech 0
3. Jak se jmenuje devatenáctiletá... Olivia Rodrigo 1
4. Europoslanci vyslyšeli volání... množství vypuštěných emisí 1
5. V pražské O<sub>2</sub> Areně... z Mladé Boleslavi 1
6. Největší českou brankářskou le... v Pardubicích 1
7. Gólman je klíčovou součástí i... B) Irsko 0
8. Napište jméno jednoho z nejlep... Martin Galia 1
9. Český reprezentační florbalový... Lukáš Bauer 1
10. Přiřaďte správně jména fotbalo... 1B 2A 3C 4D 1